Aumenta el narcotráfico en Panamá /
Uloženo v:
| Hlavní autor: | |
|---|---|
| Médium: | Text |
| Tagy: |
Přidat tag
Žádné tagy, Buďte první, kdo vytvoří štítek k tomuto záznamu!
|
MARC
| LEADER | 00000 a a2200000 04500 | ||
|---|---|---|---|
| 001 | 1437 | ||
| 003 | |||
| 040 | |||
| 100 | |a Selser, Gregorio | ||
| 245 | |a Aumenta el narcotráfico en Panamá / |c Gregorio Selser | ||
| 773 | |g número 82; páginas 25-26 | ||
| 999 | |c 20551 |d 20551 | ||
